000 00322nam a22001457a 4500
008 210518b ||||| |||| 00| 0 eng d
020 _a9780131839021
041 _aeng
080 _a34
082 _a34
100 _a16
101 _aJUR
245 _aCriminology A Global Perspective
_cWinslow,R.W
942 _2udc
_cBK
999 _c57393
_d57393